| 000 | 01217nam a2200349 i 4500 | ||
|---|---|---|---|
| 001 | bg | ||
| 245 | 1 | 0 |
_aIlustrowany atlas historii Polski. _nT. 1, _pOd źródeł po schyłek Jagiellonów / _c[red. atlasu Witold Sienkiewicz, Elżbieta Olczak ; oprac. tekstów do map Anna Pituch-Sawicka et al. ; oprac graf. i komputerowe map Kamila Kuna et al.]. |
| 260 |
_aWarszawa : _bDemart, _ccop. 2006. |
||
| 300 |
_a1 atlas (144 s.) : _bil. (gł. kolor.) ; _c31 cm. |
||
| 650 | 9 | _aHistoria | |
| 651 | 9 |
_aPolska _xhistoria |
|
| 655 | _aMapy | ||
| 655 | _aWydawnictwa popularne | ||
| 700 | 1 |
_aSienkiewicz, Witold _d(1953- ). _eRed. |
|
| 700 | 1 |
_aOlczak, Elżbieta. _eRed. |
|
| 700 | 1 |
_aPituch-Sawicka, Anna. _eAut. tekstu |
|
| 700 | 1 |
_aKuna, Kamila. _eRed. |
|
| 020 | _a8374272856 (całość) | ||
| 020 | _a9788374272858 (całość) | ||
| 020 | _a8374272864 (t.1) | ||
| 020 | _a9788374272865 (T.1) | ||
| 040 | _cBPK | ||
| 041 | _apol | ||
| 044 | _aPOL | ||
| 080 | _a94(438)(02.025.2) | ||
| 920 | _a83-7427-285-6 (całość) | ||
| 920 | _a978-83-7427-285-8 (całość) | ||
| 920 | _a83-7427-286-4 (t. 1) | ||
| 920 | _a978-83-7427-286-5 (t. 1) | ||
| 942 | _cKS | ||
| 008 | s pl f |000 0 pol | ||
| 999 |
_c55483 _d55483 |
||
| 856 |
_uhttp://koha.tu.koszalin.pl/cgi-bin/koha/opac-detail.pl?biblionumber=55483 _yKatalog online BPK |
||